Normal view
MARC view
Entry Personal Name
001 - CONTROL NUMBER
- control field: 42677
003 - CONTROL NUMBER IDENTIFIER
- control field: ARRUPE
005 - DATE AND TIME OF LATEST TRANSACTION
- control field: 20181002112521.0
008 - FIXED-LENGTH DATA ELEMENTS
- fixed length control field: 181002|| aca||aabn | a|a d
040 ## - CATALOGING SOURCE
- Original cataloging agency: ARRUPE
- Transcribing agency: ARRUPE
100 ## - HEADING--PERSONAL NAME
- Personal name: Nürnberger, Klaus,
- Dates associated with a name: 1933-
670 ## - SOURCE DATA FOUND
- Source citation: Work cat.: (ARRUPE)0: Nürnberger, Klaus, 1933-, Beyond Marx and market :, 1998.